| 000 -LEADER |
| fixed length control field |
00843nam a2200277 a 4500 |
| 001 - CONTROL NUMBER |
| control field |
530 |
| 003 - CONTROL NUMBER IDENTIFIER |
| control field |
BD-DhUAP |
| 005 - DATE AND TIME OF LATEST TRANSACTION |
| control field |
20201109101125.0 |
| 008 - FIXED-LENGTH DATA ELEMENTS--GENERAL INFORMATION |
| fixed length control field |
201109r19891964ii a 001 0 eng d |
| 020 ## - INTERNATIONAL STANDARD BOOK NUMBER |
| International Standard Book Number |
818501583X |
| 040 ## - CATALOGING SOURCE |
| Original cataloging agency |
DLC |
| Transcribing agency |
CarP |
| Modifying agency |
DLC |
| -- |
BD-DhUAP |
| Language of cataloging |
Eng |
| 082 04 - DEWEY DECIMAL CLASSIFICATION NUMBER |
| Classification number |
537 FEY |
| Edition number |
23 |
| 100 ## - MAIN ENTRY--PERSONAL NAME |
| Personal name |
Feynman, Richard P. |
| 245 10 - TITLE STATEMENT |
| Title |
The Feynman lectures on physics : |
| Remainder of title |
mainly electromagnetism and matter / |
| Statement of responsibility, etc. |
Richard P. Feynman, Robert B. Leighton and Matthew Sands. |
| 260 ## - PUBLICATION, DISTRIBUTION, ETC. |
| Place of publication, distribution, etc. |
New Delhi : |
| Name of publisher, distributor, etc. |
Narosa publishing house, |
| Date of publication, distribution, etc. |
c1964 [Reprinted 1989]. |
| 300 ## - PHYSICAL DESCRIPTION |
| Extent |
volumes : |
| Other physical details |
illustrations ; |
| Dimensions |
28 cm. |
| 500 ## - GENERAL NOTE |
| General note |
Includes index. |
| 505 ## - FORMATTED CONTENTS NOTE |
| Formatted contents note |
V. 2-- |
| 650 ## - SUBJECT ADDED ENTRY--TOPICAL TERM |
| Topical term or geographic name entry element |
Electromagnetism. |
| 650 ## - SUBJECT ADDED ENTRY--TOPICAL TERM |
| Topical term or geographic name entry element |
Matter. |
| 650 ## - SUBJECT ADDED ENTRY--TOPICAL TERM |
| Topical term or geographic name entry element |
Physics. |
| 700 ## - ADDED ENTRY--PERSONAL NAME |
| Personal name |
Leighton, Robert B. |
| 700 ## - ADDED ENTRY--PERSONAL NAME |
| Personal name |
Sands, Matthew . |
| 942 ## - ADDED ENTRY ELEMENTS (KOHA) |
| Source of classification or shelving scheme |
|
| Koha item type |
Book |